000 00390nam a2200157 a 4500
001 8190
005 20180713192117.0
008 140415s1950 000 0 spa d
041 _aspa
082 _a591
_bPER
100 1 _aPARRIER, REMY
245 1 0 _aTRATADO ELEMENTAL DE ZOOLOGIA
260 _a[s.l.] :
_bEDITORA NACIONAL,
_c1950
300 _a841
650 1 4 _aZOOLOGIA
999 _c8190
_d8190